Chinese Coast Vietnam to North Korea - Statistics

General Stats
  • This quiz has been taken 18 times
  • The average score is 8 of 13
Answer Stats
Name Answer % Correct
G Guangdong
82%
F Fujian
76%
J Jiangsu
71%
S Shandong
71%
S Shanghai
71%
Vietnam (Vietnam)
71%
G Guangxi
65%
T Tianjin
65%
North Korea (North Korea)
59%
Z Zhejiang
59%
H Hebei
53%
L Liaoning
53%
H Hebei
41%
No matching quizzes found
Score Distribution
Percent of People with Each Score
Percentile by Number Answered
Your Score History
You have not taken this quiz